| 000 | 01376cam a22003617a 4500 | ||
|---|---|---|---|
| 003 | CHAP | ||
| 005 | 20220329142524.0 | ||
| 008 | 010830d2001 mx d r 00110 spa d | ||
| 010 | _a84550 | ||
| 011 | _a85522 | ||
| 035 | _a96055 | ||
| 040 | _cCHAP | ||
| 090 | _aTesis | ||
| 100 | 0 | 0 |
_aHernández Mercado, Mario Alberto. _954339 |
| 245 | 1 | 0 |
_aDistribuciones y densidades de maíz (Zea mays L.) Var. Asgrow 791 y Ranchero bajo el sistema de labranza cero de conservación en Chapingo, México _c/por Mario Alberto Hernández Mercado |
| 260 |
_aChapingo, Méx. : _bEl autor, _c2001. |
||
| 300 |
_a73 h. : _bgráfs. ; cuadros |
||
| 502 | _aTesis ( Ing. Agr. Esp. en Fitotecnia) -- UACH. Departamento de Fitotecnia | ||
| 590 |
_aALEPH _b10 _c20130110 _lUCH01 _h1443 |
||
| 590 |
_aBATCH-UPD _b10 _c20130110 _lUCH01 _h0821 |
||
| 590 |
_aBATCH-UPD _b10 _c20130410 _lUCH01 _h0458 |
||
| 590 |
_aBATCH-UPD _b10 _c20130914 _lUCH01 _h1142 |
||
| 590 |
_aCONVERSION _b10 _c20130109 _lUCH01 _h1347 |
||
| 650 | 1 | 4 |
_aDensidad de siembra. _931812 |
| 650 | 1 | 4 |
_aLabranza cero. _964307 |
| 650 | 1 | 4 |
_aLabranza de conservación. _964308 |
| 650 | 1 | 4 |
_aMaíz _xSiembra. _971061 |
| 901 | _aBK | ||
| 905 | _aMarco A. Mendoza T. | ||
| 942 | _cFOLL | ||
| 949 |
_aTesis _bBC _cTES _d33724000854048 _eTS2 _fc.2 _gDonaciØn _h38449 _i96055 _si |
||
| 949 |
_aTesis _bBC _cTES _d960551 _eTS1 _gDonaciØn _h38448 _i96055 _sb |
||
| 999 |
_c84550 _d84550 |
||